| 000 | 00438nam a22001697a 4500 | ||
|---|---|---|---|
| 005 | 20251108171918.0 | ||
| 008 | 250721s2001 xx 000 0 ara d | ||
| 082 | 1 | 4 | _a618.97/شرف |
| 100 | 1 | _aشرف، محمد | |
| 245 | 1 | 0 | _aحياة بلا شيخوخة / |
| 264 | 1 |
_aالقاهرة : _bدارالهلال، _c2001. |
|
| 300 | _a160ص | ||
| 650 | 1 | 7 | _aالطب |
| 650 | 1 | 7 | _aالشيخوخة |
| 942 |
_2ddc _cBK |
||
| 999 |
_c65768 _d65768 |
||